| 000 | 00735nam a2200205 a 4500 | ||
|---|---|---|---|
| 003 | AR-BaBNM | ||
| 005 | 20251128203416.0 | ||
| 008 | 082120s2002 ||||||||||||||000 | spa|| | ||
| 040 | _cAR-BaBNM | ||
| 245 | 0 | 0 | _aNouveau petit Larousse |
| 260 |
_aParis _bLibrairie Larousse _c1970 |
||
| 300 |
_a[1816] p. _bil., láms., mapas |
||
| 500 | _aEl diccionario se divide en dos secciones la primera corresponde al diccionario de la lengua y la segunda incluye nombres propios | ||
| 500 | _aA partir de la página 1092, en hojas rosadas y con numeración romana, se consignan las locuciones latinas y extranjeras de uso habitual | ||
| 650 | 4 | _aDICCIONARIOS | |
| 650 | 4 | _aFRANCES | |
| 655 | _aREFERENCIA | ||
| 942 | _cBK | ||
| 998 | _claura | ||
| 999 |
_c3253 _d3253 |
||